000 01179pab a2200181 454500
008 180718b2013 xxu||||| |||| 00| 0 eng d
100 _aWang, Xiaohu
245 _aAssessing the costs of public participation: A case study of two online participation mechanisms
260 _c2013
300 _ap.179-199.
362 _aMar
520 _aIn 2009, the authors facilitated a citizen-participation process in a local community in Florida in the United States. Using an inductive content analysis across two online participation data sources, the study develops a set of testable propositions about cost functions of public participation. The study shows a nonlinear relationship between administrative costs and participation quantity. It also demonstrates no direct relationship between the costs and participation quality. Moreover, the cost functions vary in different participation mechanisms. These propositions provide a basis for future research to improve cost management in public participation. - Reproduced.
650 _aWorkers participation
700 _aBryer, Thomas A.
773 _aAmerican Review of Public Administration
908 _aN
909 _a99334
999 _c99333
_d99333